Regional (Record no. 78040)

MARC details
000 -LEADER
fixed length control field 00784cab a2200205 4500
001 - CONTROL NUMBER
control field L135849
008 - FIXED-LENGTH DATA ELEMENTS--GENERAL INFORMATION
fixed length control field 061213n2006 000 0 eng u
035 ## - SYSTEM CONTROL NUMBER
System control number (Sirsi) u135849
041 0# - LANGUAGE CODE
Language code of text/sound track or separate title eng
100 1# - MAIN ENTRY--PERSONAL NAME
Personal name Eade, Christine
245 00 - TITLE STATEMENT
Title Regional
Remainder of title Essex and north east London boroughs
260 ## - PUBLICATION, DISTRIBUTION, ETC.
Date of publication, distribution, etc. 2006
490 #0 - SERIES STATEMENT
Series statement Property Week
Volume/sequential designation 71(46) 17 November 2006, 105-117(7)
520 ## - SUMMARY, ETC.
Summary, etc. The University of Essex plans to build housing on its campus to finance a new research park, while A date has been set for a decision on the planning application for a proposed redevelopment of a site at the Royal Docks at Newham.
590 ## - LOCAL NOTE (RLIN)
Local note KA
651 #4 - SUBJECT ADDED ENTRY--GEOGRAPHIC NAME
Geographic name ESSEX
651 #4 - SUBJECT ADDED ENTRY--GEOGRAPHIC NAME
Geographic name NORTH EAST LONDON BOROUGHS
690 ## - LOCAL SUBJECT ADDED ENTRY--TOPICAL TERM (OCLC, RLIN)
Topical term or geographic name as entry element PROPERTY-COMMERCIAL PROPERTY-COMMERCIAL PROPERTY MARKET
942 ## - ADDED ENTRY ELEMENTS (KOHA)
Suppress in OPAC 0
Holdings
Withdrawn status Lost status Source of classification or shelving scheme Damaged status Not for loan Home library Current library Shelving location Date acquired Total Checkouts Full call number Barcode Date last seen Copy number Price effective from Koha item type
    Dewey Decimal Classification     London London Journal article 13/12/2006   L135849 135849-1001 06/08/2019 1 06/08/2019 Journal article